Quick Pick: British TV Shows Quiz Stats

 Plays Quiz Updated Mar 11, 2016

Challenge
Share
Tweet
Score 0/10 Timer 01:00
3 Plays Today
% Correct
Downton
98.4%
Doctor
97.3%
'Allo
97%
Antiques
96.5%
Absolutely
96.2%
Fawlty
93.3%
Father
89.8%
Dad's
89.1%
Red
86.4%
Blue
77.3%

Today's Daily Dose

You're not logged in!

Compare scores with friends on all Sporcle quizzes.
OR
Log In

You Might Also Like...

Show Comments

Extras

Top Quizzes Today


Score Distribution

Your Account Isn't Verified!

In order to create a playlist on Sporcle, you need to verify the email address you used during registration. Go to your Sporcle Settings to finish the process.

Report this User

Report this user for behavior that violates our Community Guidelines.

Details: